Reintegration haftentlassener Terroristen in die Gesellschaft: zu der Notwendigkeit und der inhaltlichen Ausgestaltung sozialpädagogischer Unterstützungsmaßnahmen am Beispiel der baskischen (politischen) Gefangenen

Saved in:  
Bibliographic Details
Main Author: Stelzel, Katharina (Author)
Corporate Author: Eberhard Karls Universität Tübingen. Grad-verleihende Institution (Degree granting institution)
Format: Print Book
Language:German
Published: Tübingen TOBIAS-lib Universitätsbibliothek Tübingen 2016
In: Tübinger Schriften und Materialien zur Kriminologie (Band 36)
Year: 2016
Availability in Tübingen:Present in Tübingen.
IFK: S 162 36
UB: 57 B 29:2
UB: 57 B 29:1
Check availability: HBZ Gateway
Subito Delivery Service: Order now.
Keywords:
Parallel Edition:Electronic

MARC

LEADER 00000cam a2200000 c 4500
001 1622785711
003 DE-627
005 20251216154924.0
007 tu
008 170116s2016 xx ||||| m 00| ||ger c
020 |a 9783937368719  |9 978-3-937368-71-9 
035 |a (DE-627)1622785711 
035 |a (DE-576)481764097 
035 |a (DE-599)BSZ481764097 
035 |a (OCoLC)1479510339 
035 |a (OCoLC)971262280 
040 |a DE-627  |b ger  |c DE-627  |e rda 
041 |a ger 
082 0 4 |a 340  |a 360 
084 |a 2,1  |2 ssgn 
084 |a PH 6245  |q SEPA  |2 rvk  |0 (DE-625)rvk/136418:406 
084 |a MG 68096  |q SEPA  |2 rvk  |0 (DE-625)rvk/122857:12055 
084 |a MG 68900  |q SEPA  |2 rvk  |0 (DE-625)rvk/122857:12221 
100 1 |a Stelzel, Katharina  |e VerfasserIn  |0 (DE-588)1058712381  |0 (DE-627)797881662  |0 (DE-576)41485036X  |4 aut 
109 |a Stelzel, Katharina  |a Stelzel, K. 
245 1 0 |a Reintegration haftentlassener Terroristen in die Gesellschaft  |b zu der Notwendigkeit und der inhaltlichen Ausgestaltung sozialpädagogischer Unterstützungsmaßnahmen am Beispiel der baskischen (politischen) Gefangenen  |c Katharina Stelzel 
264 1 |a Tübingen  |b TOBIAS-lib Universitätsbibliothek Tübingen  |c 2016 
300 |a xvi, 493 Seiten  |b Illustrationen 
336 |a Text  |b txt  |2 rdacontent 
337 |a ohne Hilfsmittel zu benutzen  |b n  |2 rdamedia 
338 |a Band  |b nc  |2 rdacarrier 
490 1 |a Tübinger Schriften und Materialien zur Kriminologie  |v Band 36 
502 |b Dissertation  |c Eberhard Karls Universität Tübingen  |d 2016 
583 1 |a Archivierung/Langzeitarchivierung gewährleistet  |f PEBW  |x XA-DE-BW  |2 pdager  |5 DE-24 
583 1 |a Archivierung/Langzeitarchivierung gewährleistet  |f SSG  |x XA-DE-BW  |2 pdager  |5 DE-21 
655 7 |a Hochschulschrift  |0 (DE-588)4113937-9  |0 (DE-627)105825778  |0 (DE-576)209480580  |2 gnd-content 
689 0 0 |d g  |0 (DE-588)4055964-6  |0 (DE-627)104616806  |0 (DE-576)209116080  |a Spanien  |2 gnd 
689 0 1 |d b  |0 (DE-588)4015594-8  |0 (DE-627)106336002  |0 (DE-576)208912576  |a ETA  |2 gnd 
689 0 2 |d s  |0 (DE-588)4059536-5  |0 (DE-627)106143204  |0 (DE-576)209131144  |a Terrorist  |2 gnd 
689 0 3 |d s  |0 (DE-588)4057786-7  |0 (DE-627)10454080X  |0 (DE-576)209123702  |a Strafentlassener  |2 gnd 
689 0 4 |d s  |0 (DE-588)4128233-4  |0 (DE-627)105718823  |0 (DE-576)209600365  |a Resozialisierung  |2 gnd 
689 0 5 |d s  |0 (DE-588)4378594-3  |0 (DE-627)185243932  |0 (DE-576)211810649  |a Entlassenenhilfe  |2 gnd 
689 0 |5 (DE-627) 
710 2 |a Eberhard Karls Universität Tübingen  |e Grad-verleihende Institution  |0 (DE-588)36187-2  |0 (DE-627)100833349  |0 (DE-576)190344806  |4 dgg 
751 |a Tübingen  |0 (DE-588)4061147-4  |0 (DE-627)106136933  |0 (DE-576)209138351  |4 uvp 
776 1 |z 9783937368702 
776 0 8 |i Erscheint auch als  |n Online-Ausgabe  |a Stelzel, Katharina  |t Reintegration haftentlassener Terroristen in die Gesellschaft  |d Tübingen : TOBIAS-lib Universitätsbibliothek Tübingen, 2016  |h 1 Online-Ressource (xvi, 493 Seiten)  |w (DE-627)1655340131  |w (DE-576)481763716  |z 9783937368702  |k Electronic 
830 0 |a Tübinger Schriften und Materialien zur Kriminologie  |v Band 36  |9 36  |w (DE-627)478374267  |w (DE-576)106484095  |w (DE-600)2176146-2  |x 1612-4650  |7 am 
936 r v |a PH 6245  |b Strafverfahrensrecht, Strafvollzug, Gesetzgebungsmaterialien und -entwürfe zum Strafverfahrensrecht und Strafvollzug  |k Rechtswissenschaft  |k Strafrecht, Strafverfahrensrecht, Kriminologie  |k Vergleichendes und ausländisches Straf- und Strafprozessrecht einschliesslich Strafvollzug  |k Ausländisches Recht - Einzelne Länder  |k Südeuropa  |k Spanien  |k Strafverfahrensrecht, Strafvollzug, Gesetzgebungsmaterialien und -entwürfe zum Strafverfahrensrecht und Strafvollzug  |0 (DE-627)1272677842  |0 (DE-625)rvk/136418:406  |0 (DE-576)202677842 
936 r v |a MG 68096  |b Politisches Verbrechen, Terror, Gewalt  |k Politologie  |k Politische Systeme einzelner Länder  |k Europa, Nordamerika  |k Südeuropa  |k Spanien  |k Formen politischer Auseinandersetzung  |k Politisches Verbrechen, Terror, Gewalt  |0 (DE-627)1272260720  |0 (DE-625)rvk/122857:12055  |0 (DE-576)202260720 
936 r v |a MG 68900  |b Allgemeines, Innenpolitik, allgemeine Rechtspolitik  |k Politologie  |k Politische Systeme einzelner Länder  |k Europa, Nordamerika  |k Südeuropa  |k Spanien  |k Einzelne politische Sachgebiete  |k Allgemeines, Innenpolitik, allgemeine Rechtspolitik  |0 (DE-627)1272355799  |0 (DE-625)rvk/122857:12221  |0 (DE-576)202355799 
951 |a BO 
ELC |b 1 
LOK |0 000 xxxxxcx a22 zn 4500 
LOK |0 001 3247451897 
LOK |0 003 DE-627 
LOK |0 004 1622785711 
LOK |0 005 20170116100656 
LOK |0 008 170116||||||||||||||||ger||||||| 
LOK |0 040   |a DE-21  |c DE-627  |d DE-21 
LOK |0 852   |a DE-21 
LOK |0 852 1  |c 57 B 29:1  |9 00 
LOK |0 935   |a tdis  |a krim 
LOK |0 938   |a 1701  |f 36  |f f6 
LOK |0 939   |a 16-01-17  |b l01 
LOK |0 000 xxxxxcx a22 zn 4500 
LOK |0 001 3247451919 
LOK |0 003 DE-627 
LOK |0 004 1622785711 
LOK |0 005 20170116100656 
LOK |0 008 170116||||||||||||||||ger||||||| 
LOK |0 040   |a DE-21  |c DE-627  |d DE-21 
LOK |0 852   |a DE-21 
LOK |0 852 1  |c 57 B 29:2  |9 00 
LOK |0 935   |a tdis  |a krim 
LOK |0 938   |a 1701  |f 36  |f f6 
LOK |0 939   |a 16-01-17  |b l02 
LOK |0 000 xxxxxcx a22 zn 4500 
LOK |0 001 3247452001 
LOK |0 003 DE-627 
LOK |0 004 1622785711 
LOK |0 005 20170131140036 
LOK |0 008 170131||||||||||||||||ger||||||| 
LOK |0 040   |a DE-21-43  |c DE-627  |d DE-21-43 
LOK |0 541   |e 2017/13 
LOK |0 852   |a DE-21-43 
LOK |0 852 1  |c Hp VIII 141  |m p  |9 00 
LOK |0 938   |a 1701 
LOK |0 938   |k p 
LOK |0 939   |a 31-01-17  |b l01 
LOK |0 000 xxxxxcx a22 zn 4500 
LOK |0 001 3247452028 
LOK |0 003 DE-627 
LOK |0 004 1622785711 
LOK |0 005 20170202124220 
LOK |0 008 170202||||||||||||||||ger||||||| 
LOK |0 040   |a DE-21-110  |c DE-627  |d DE-21-110 
LOK |0 689   |a s  |a Terrorismus 
LOK |0 689   |a s  |a Strafvollzug 
LOK |0 689   |a s  |a Vollzugsgestaltung 
LOK |0 689   |a s  |a Resozialisierung 
LOK |0 689   |a s  |a Wiedereingliederung 
LOK |0 689   |a s  |a Stigma 
LOK |0 689   |a s  |a Deradikalisierung 
LOK |0 689   |a g  |a Spanien 
LOK |0 689   |a g  |a Frankreich 
LOK |0 689   |a g  |a Baskenland 
LOK |0 852   |a DE-21-110 
LOK |0 852 1  |c S 162 36  |m p  |9 00 
LOK |0 935   |a t110 
LOK |0 938   |a 1702 
LOK |0 938   |k p 
LOK |0 939   |a 02-02-17  |b l01 
ORI |a SA-MARC-krimdoka001.raw 
SIG |a IFK: S 162 36 
SIG |a UB: 57 B 29:2 
SIG |a UB: 57 B 29:1 
TIM |a 100019590101_100020180416  |b 1959 - 2018-04-16